<?xml version="1.0" encoding="UTF-8"?>
<record
    xmlns:xsi="http://www.w3.org/2001/XMLSchema-instance"
    xsi:schemaLocation="http://www.loc.gov/MARC21/slim http://www.loc.gov/standards/marcxml/schema/MARC21slim.xsd"
    xmlns="http://www.loc.gov/MARC21/slim">

  <leader>02419nam a22002297a 4500</leader>
  <controlfield tag="005">20220404092835.0</controlfield>
  <controlfield tag="008">220323b           ||||| |||| 00| 0 eng d</controlfield>
  <datafield tag="020" ind1=" " ind2=" ">
    <subfield code="a">9781119362722</subfield>
  </datafield>
  <datafield tag="040" ind1=" " ind2=" ">
    <subfield code="c">AL</subfield>
  </datafield>
  <datafield tag="041" ind1=" " ind2=" ">
    <subfield code="a">eng</subfield>
  </datafield>
  <datafield tag="082" ind1=" " ind2=" ">
    <subfield code="2">23</subfield>
    <subfield code="a">615.19</subfield>
    <subfield code="b">PEDI</subfield>
  </datafield>
  <datafield tag="100" ind1=" " ind2=" ">
    <subfield code="a">Stig Pedersen-Bjergaard</subfield>
    <subfield code="9">25172</subfield>
  </datafield>
  <datafield tag="245" ind1=" " ind2=" ">
    <subfield code="a">Introduction to pharmaceutical analytical chemistry</subfield>
  </datafield>
  <datafield tag="250" ind1=" " ind2=" ">
    <subfield code="a">2nd ed.</subfield>
  </datafield>
  <datafield tag="260" ind1=" " ind2=" ">
    <subfield code="a">Hoboken</subfield>
    <subfield code="b">Wiley</subfield>
    <subfield code="c">2019</subfield>
  </datafield>
  <datafield tag="300" ind1=" " ind2=" ">
    <subfield code="a">xvi,520p.</subfield>
    <subfield code="b">PB</subfield>
    <subfield code="c">24x17cm.</subfield>
  </datafield>
  <datafield tag="365" ind1=" " ind2=" ">
    <subfield code="2">General</subfield>
    <subfield code="a">6468</subfield>
    <subfield code="b">&#x20B9;4302.48</subfield>
    <subfield code="c">&#x20B9;</subfield>
    <subfield code="d">&#x20B9;5516.00</subfield>
    <subfield code="e">22%</subfield>
    <subfield code="f">12-03-2022</subfield>
  </datafield>
  <datafield tag="520" ind1=" " ind2=" ">
    <subfield code="a">This textbook is an extensive revision of &#x2018;Introduction to Pharmaceutical Analysis&#x2019; from 2012. We have revised the manuscript totally, and updated the content according to current practice in pharmaceutical analytical chemistry, and according to current versions of European and United States Pharmacopeia. Additionally, we have added a new chapter on chemical analysis of biopharmaceuticals, improved the illustrations throughout and provided illustrations in color. The intention of these efforts has been to provide the reader with a textbook at the level expected in 2018. Introduction to Pharmaceutical Analytical Chemistry enables students to gain fundamental knowledge of the vital concepts techniques and applications of the chemical analysis of   parmaceutical ingredients, final pharmaceutical products and drug substances in biological fluids. A unique emphasis on pharmaceutical laboratory practices, such as sample preparation and separation techniques, provides an efficient and practical educational framework for undergraduate studies in areas such as pharmaceutical sciences, analytical chemistry and forensic analysis. Suitable for foundational courses, this essential undergraduate text introduces the common analytical methods used in quantitative and qualitative chemical analysis of pharmaceuticals. This extensively revised second edition includes a new chapter on chemical analysis of biopharmaceuticals, which includes discussions on identification, purity testing and assay of peptide and protein-based formulations. Also new to this edition are improved color illustrations and tables, a streamlined chapter structure and text revised for increased clarity and comprehension.</subfield>
  </datafield>
  <datafield tag="650" ind1=" " ind2=" ">
    <subfield code="2">Pharmaceutical Chemistry</subfield>
    <subfield code="a">Analytical Chemistry</subfield>
    <subfield code="9">25173</subfield>
  </datafield>
  <datafield tag="700" ind1=" " ind2=" ">
    <subfield code="a">Gammelgaard, Bente; Halvorsen, Trine Gronhaug</subfield>
    <subfield code="9">25174</subfield>
  </datafield>
  <datafield tag="942" ind1=" " ind2=" ">
    <subfield code="2">ddc</subfield>
    <subfield code="c">BK</subfield>
  </datafield>
  <datafield tag="999" ind1=" " ind2=" ">
    <subfield code="c">221990</subfield>
    <subfield code="d">221990</subfield>
  </datafield>
  <datafield tag="952" ind1=" " ind2=" ">
    <subfield code="0">0</subfield>
    <subfield code="1">0</subfield>
    <subfield code="2">ddc</subfield>
    <subfield code="4">0</subfield>
    <subfield code="7">0</subfield>
    <subfield code="8">BIOC</subfield>
    <subfield code="a">SACPG</subfield>
    <subfield code="b">SACPG</subfield>
    <subfield code="d">2022-03-14</subfield>
    <subfield code="e">Biblios Book Point</subfield>
    <subfield code="g">4302.48</subfield>
    <subfield code="l">0</subfield>
    <subfield code="o">615.19 PEDI</subfield>
    <subfield code="p">PG023894</subfield>
    <subfield code="r">2022-08-24 00:00:00</subfield>
    <subfield code="v">5516.00</subfield>
    <subfield code="w">2022-03-23</subfield>
    <subfield code="y">BK</subfield>
  </datafield>
</record>
